Último municipio creado por provincia en España - Estadísticas

Estadísticas generales
  • Esta prueba ha sido intentada 9 veces
  • La puntuación promedio es 2 de 50
Estadísticas de respuestas
Provincia Año Municipio % Correcto
Vizcaya 2023 Usansolo
25%
Zaragoza 2006 Villamayor de Gállego
25%
Valladolid 1842 Arroyo de la Encomienda
13%
Badajoz 2012 Guadiana
13%
Ciudad Real 1999 Llanos del Caudillo
13%
Coruña, La 2013 Oza-Cesuras
13%
Valencia 1997 San Antonio de Benagéber
13%
Baleares 1989 San Cristóbal
13%
Alicante 1993 San Isidro
13%
Cádiz 2018 San Martín del Tesorillo
13%
Granada 2018 Torrenueva Costa / Fornes
13%
Cuenca 1973 Arcas
0%
Orense 1850 Arnoya
0%
Jaén 2001 Arroyo del Ojanco
0%
Barcelona 1994 Badía del Vallés
0%
Almería 2015 Balanegra
0%
Lugo 1994 Burela
0%
Teruel 1971 Calamocha
0%
Pontevedra 2016 Cerdedo-Cotobade
0%
Salamanca 1842 Doñinos de Salamanca
0%
Sevilla 2018 El Palmar de Troya
0%
Santa Cruz de Tenerife 2007 El Pinar de El Hierro
0%
Lérida 1991 Gimenells y el Pla de la Font
0%
Soria 1970 Golmayo
0%
Álava 1976 Iruña de Oca
0%
Guipúzcoa 2024 Itsaso
0%
Palmas, Las 1927 La Aldea de San Nicolás
0%
Tarragona 2010 La Canonja
0%
Córdoba 2018 La Guijarrosa
0%
Ávila 1954 Las Berlanas
0%
Huelva 2018 La Zarza-Perrunal
0%
Navarra 1991 Lecumberri
0%
Murcia 1983 Los Alcázares
0%
Albacete 1999 Pozo Cañada
0%
Huesca 1979 Puente la Reina de Jaca
0%
Segovia 1999 San Cristóbal de Segovia
0%
Castellón 1991 San Juan de Moró
0%
Gerona 1991 San Julián de Ramis
0%
Zamora 1842 San Miguel de la Ribera
0%
Asturias 1859 Santo Adriano
0%
Toledo 1973 Santo Domingo-Caudilla
0%
Guadalajara 1970 Semillas
0%
Málaga 2014 Serrato
0%
Cáceres 2011 Tiétar
0%
Madrid 1991 Tres Cantos
0%
Cantabria 1835 Val de San Vicente
0%
Burgos 1850 Valle de Mena
0%
Palencia 1860 Venta de Baños
0%
León 1927 Villabraz
0%
Rioja, La 1842 Villamediana de Iregua
0%
No se encontraron pruebas coincidentes
Distribución de puntuación
Porcentaje de gente con cada puntuación
Porcentaje por número respondido
Historial de tus puntuaciones
No has intentado esta prueba.